The public sector and the latin american crisis (Registro nro. 6084)
[ vista simple ]
| 000 -LEADER | |
|---|---|
| fixed length control field | 01361 a2200241 4500 |
| 001 - CONTROL NUMBER | |
| control field | 56996 |
| 005 - DATE AND TIME OF LATEST TRANSACTION | |
| control field | 20260407155832.0 |
| 008 - FIXED-LENGTH DATA ELEMENTS--GENERAL INFORMATION | |
| fixed length control field | 260407a1991 arg spa d |
| 003 - CONTROL NUMBER IDENTIFIER | |
| control field | AR-UNSa-BCEJYS |
| 040 ## - CATALOGING SOURCE | |
| Original cataloging agency | AR-UNSa-BCEJYS |
| Language of cataloging | spa |
| Transcribing agency | AR-UNSa-BCEJYS |
| 080 ## - UNIVERSAL DECIMAL CLASSIFICATION NUMBER | |
| Universal Decimal Classification number | 330(8) |
| Common auxiliary subdivision | Economía de América del Sur. Estados y Regiones de América del Sur.<br/>América Latina. Iberoamérica<br/> |
| 020 ## - INTERNATIONAL STANDARD BOOK NUMBER | |
| International Standard Book Number | 1-55815-118-4 |
| 041 ## - LANGUAGE CODE | |
| Language code of text/sound track or separate title | spa |
| 100 1# - MAIN ENTRY--PERSONAL NAME | |
| Personal name | Larraín B., Felipe |
| 245 10 - TITLE STATEMENT | |
| Title | The public sector and the latin american crisis |
| 264 #1 - PRODUCTION, PUBLICATION, DISTRIBUTION, MANUFACTURE, AND COPYRIGHT NOTICE | |
| Place of production, publication, distribution, manufacture | San Franciso, California : |
| Name of producer, publisher, distributor, manufacturer | International Center for Economic Growth |
| Date of production, publication, distribution, manufacture, or copyright notice | 1991 |
| 300 ## - PHYSICAL DESCRIPTION | |
| Extent | 352 p. |
| Dimensions | 22 cm. |
| 505 ## - FORMATTED CONTENTS NOTE | |
| Formatted contents note | 1. Public Sector and the Latin American Crisis: An Introduction – 2. Public Sector Behavior in Argentina – 3. Public Sector Adjustment to External Shocks and Domestic Pressures in Brazzil – 4. Public Sector Behavior in Highly Indebted Country: The Contrasting Chilean Experience – 5. Public Sector Behavior in Mexico – 6. The Behavior of the Public Sector in Peru: A Macroeconomic Approach – 7. Public Sector Behavior in Venezuela – 8. Comparative Analysis, Lesson, and Policy Conclusions |
| 590 ## - LOCAL NOTE (RLIN) | |
| Local note | niveau_biblio:m niveau_hierar:0 |
| 700 1# - ADDED ENTRY--PERSONAL NAME | |
| Personal name | Selowsky, Marcelo |
| 856 41 - ELECTRONIC LOCATION AND ACCESS | |
| Uniform Resource Identifier | <a href="https://biblioeco.unsa.edu.ar/pmb/images/libros/L128636.jpg">https://biblioeco.unsa.edu.ar/pmb/images/libros/L128636.jpg</a> |
| Link text | Imagen de portada |
| Electronic format type | image/jpeg |
| 942 ## - ADDED ENTRY ELEMENTS (KOHA) | |
| Koha item type | |
| Withdrawn status | Lost status | Damaged status | Not for loan | Home library | Current library | Shelving location | Date acquired | Total checkouts | Full call number | Barcode | Date last seen | Price effective from | Koha item type |
|---|---|---|---|---|---|---|---|---|---|---|---|---|---|
| Biblioteca Prof. Eusebio Cleto del Rey | Biblioteca Prof. Eusebio Cleto del Rey | 07/04/2026 | 330(8) L333 | L128636 | 07/04/2026 | 07/04/2026 | Libro |